[Event "LSS No Engine Cup 229 Preliminary 0"]
[Site "LSS email"]
[Date "2022.08.25"]
[Round "?"]
[White "Zens, Rolf"]
[Black "Puertas, Francisco Javier"]
[Result "0-1"]
[WhiteElo "1722"]
[BlackElo "1600"]
[PlyCount "50"]
[EventDate "2022.08.25"]
[EventType "tourn (corr)"]
[EventRounds "6"]
[EventCountry "GER"]
[SourceTitle "Corr 2024"]
[Source "ChessBase"]
[SourceDate "2023.10.19"]
[SourceVersion "1"]
[SourceVersionDate "2023.10.19"]
[SourceQuality "1"]

1. e4 e6 2. d4 d5 3. Nd2 c5 4. exd5 exd5 5. dxc5 Bxc5 6. Nb3 Bb6 7. Nf3 Nf6 8. Be2 0-0 9. 0-0 h6 10. Nfd4 Nc6 11. c3 Ne4 12. Be3 Re8 13. Re1 Bd7 14. Bf1 Ne5 15. Nd2 Qf6 16. Be2 Rac8 17. Nf1 Nc4 18. Bxc4 dxc4 19. Qc2 Nc5 20. h3 Nd3 21. Red1 Qg6 22. Kh1 Rc5 23. Nf3 Rb5 24. b4 Bc6 25. Ne1 Rg5 0-1

[Event "Altenkirchen Seniors op 19th"]
[Site "Altenkirchen"]
[Date "2022.07.22"]
[Round "4"]
[White "Boscher, Hans"]
[Black "Zens, Rolf"]
[Result "1/2-1/2"]
[WhiteElo "1579"]
[BlackElo "1884"]
[PlyCount "99"]
[EventDate "2022.07.19"]
[EventType "swiss"]
[EventRounds "9"]
[EventCountry "GER"]
[SourceTitle "CBM 209 Extra"]
[Source "ChessBase"]
[SourceDate "2022.09.30"]
[SourceVersion "1"]
[SourceVersionDate "2022.09.30"]
[SourceQuality "1"]

1. e4 c5 2. d3 Nc6 3. Be2 e6 4. f4 d6 5. Nf3 Nf6 6. 0-0 Be7 7. c3 Qc7 8. Na3 a6 9. Nc2 b5 10. Qe1 Rb8 11. Bd2 e5 12. Bd1 exf4 13. Bxf4 Ne5 14. Nxe5 dxe5 15. Bg3 Bg4 16. Ne3 Bxd1 17. Rxd1 Rd8 18. Nf5 0-0 19. Kh1 Nh5 20. d4 Bd6 21. d5 g6 22. Nxd6 Qxd6 23. Bh4 f6 24. g4 Nf4 25. Bg3 Rde8 26. Bxf4 exf4 27. Rd2 Rf7 28. Re2 Rfe7 29. b3 c4 30. bxc4 bxc4 31. Qb1 g5 32. Kg2 Rb8 33. Qc2 Rc8 34. Kf3 Kg7 35. Rfe1 Qe5 36. a4 Rb8 37. Rc1 Reb7 38. h3 Rb3 39. Qd2 Qd6 40. Qd4 Qe5 41. Qxc4 Qd6 42. Ra2 R8b4 43. Qe2 Qe5 44. Qd3 Rd4 45. Qc2 Rc4 46. Qxb3 Qxe4+ 47. Kf2 Qe3+ 48. Kg2 Qg3+ 49. Kh1 Qf3+ 50. Rg2 1/2-1/2

[Event "LSS No Engine Cup 224 Preliminary 0"]
[Site "LSS email"]
[Date "2022.01.08"]
[Round "?"]
[White "Zens, Rolf"]
[Black "Henke, Simon"]
[Result "1-0"]
[WhiteElo "1697"]
[BlackElo "2118"]
[PlyCount "61"]
[EventDate "2022.01.08"]
[EventType "tourn (corr)"]
[EventRounds "6"]
[EventCountry "GER"]
[SourceTitle "Corr 2024"]
[Source "ChessBase"]
[SourceDate "2023.10.19"]
[SourceVersion "1"]
[SourceVersionDate "2023.10.19"]
[SourceQuality "1"]

1. c4 e6 2. g3 d5 3. Bg2 Nf6 4. Nf3 dxc4 5. Qa4+ Nbd7 6. Qxc4 c5 7. Qb3 Rb8 8. d3 Bd6 9. Nc3 a6 10. 0-0 0-0 11. Ng5 Bc7 12. Nge4 h6 13. Be3 b6 14. a4 Ng4 15. Bd2 Nge5 16. f4 Nc6 17. Nf2 Bb7 18. Qd1 Nf6 19. e4 e5 20. f5 Qe7 21. h4 Nb4 22. g4 Nh7 23. g5 hxg5 24. hxg5 Nxg5 25. Qh5 f6 26. Bxg5 fxg5 27. Ng4 Bd8 28. f6 gxf6 29. Nh6+ Kh8 30. Bh3 Bc8 31. Rf3 1-0

[Event "LSS No Engine Cup 219 Preliminary 0"]
[Site "LSS email"]
[Date "2021.07.10"]
[Round "?"]
[White "Zens, Rolf"]
[Black "Potapov, Evgeniy"]
[Result "1/2-1/2"]
[WhiteElo "1678"]
[BlackElo "1944"]
[PlyCount "63"]
[EventDate "2021.07.10"]
[EventType "tourn (corr)"]
[EventRounds "6"]
[EventCountry "GER"]
[SourceTitle "Corr 2024"]
[Source "ChessBase"]
[SourceDate "2023.10.19"]
[SourceVersion "1"]
[SourceVersionDate "2023.10.19"]
[SourceQuality "1"]

1. c4 Nf6 2. g3 c5 3. Bg2 Nc6 4. Nf3 g6 5. Nc3 Bg7 6. d4 cxd4 7. Nxd4 0-0 8. 0-0 Nxd4 9. Qxd4 d6 10. Qd3 a6 11. Be3 Bf5 12. Qd2 Qd7 13. Rfd1 Rac8 14. c5 dxc5 15. Qxd7 Nxd7 16. Bxb7 Rb8 17. Bxa6 Rxb2 18. Nd5 Re8 19. a4 Kf8 20. Bb5 Rxb5 21. axb5 Bxa1 22. Rxa1 Rb8 23. Nc3 Be6 24. Ra7 Ke8 25. f3 Bc4 26. Ra5 f6 27. h4 h5 28. Kf2 Kf7 29. Ra7 Ke8 30. Ra5 Kf7 31. Ra7 Ke8 32. Ra5 1/2-1/2

[Event "LSS No Engine Cup 214 Preliminary 0"]
[Site "LSS email"]
[Date "2021.02.17"]
[Round "?"]
[White "Louro, Eugenio"]
[Black "Zens, Rolf"]
[Result "1/2-1/2"]
[WhiteElo "2024"]
[BlackElo "1675"]
[PlyCount "116"]
[EventDate "2021.02.17"]
[EventType "tourn (corr)"]
[EventRounds "6"]
[EventCountry "GER"]
[SourceTitle "Corr 2024"]
[Source "ChessBase"]
[SourceDate "2023.10.19"]
[SourceVersion "1"]
[SourceVersionDate "2023.10.19"]
[SourceQuality "1"]

1. f4 d5 2. Nf3 g6 3. e3 Bg7 4. Be2 c5 5. d3 Nf6 6. 0-0 0-0 7. Nc3 Nc6 8. Ne5 Bd7 9. Bf3 e6 10. e4 d4 11. Nxd7 Qxd7 12. Ne2 Rad8 13. a3 a5 14. Bd2 b5 15. a4 b4 16. Nc1 Qc7 17. Nb3 Ne7 18. Qe2 Ne8 19. e5 Qb6 20. Be1 Nc7 21. Nd2 Ncd5 22. Nc4 Qc7 23. g3 Nf5 24. Bf2 h5 25. Be4 Rfe8 26. Qf3 Bf8 27. h3 Be7 28. Kg2 Kg7 29. g4 hxg4 30. hxg4 Nde3+ 31. Nxe3 Nxe3+ 32. Bxe3 dxe3 33. Qxe3 f6 34. Qg3 Rh8 35. f5 Qxe5 36. Qxe5 fxe5 37. fxg6 Rdf8 38. Rxf8 Rxf8 39. Rh1 Rh8 40. Rh5 Bf6 41. Kf3 Rh6 42. Ke3 Rxh5 43. gxh5 Bg5+ 44. Ke2 Bc1 45. b3 Bh6 46. Kf3 Kf6 47. Kg4 Bg7 48. Bf3 Bh6 49. Bb7 Bg7 50. Bc8 Bh6 51. Bd7 Ke7 52. Bc8 Kf6 53. Ba6 Bg7 54. Bb7 Bh6 55. Bg2 Bg7 56. Bh3 Bh6 57. Kf3 Bg7 58. Ke4 Bh6 1/2-1/2

[Event "LSS No Engine Cup 214 Preliminary 0"]
[Site "LSS email"]
[Date "2021.02.17"]
[Round "?"]
[White "Nemchenko, Valery"]
[Black "Zens, Rolf"]
[Result "0-1"]
[WhiteElo "1470"]
[BlackElo "1675"]
[PlyCount "52"]
[EventDate "2021.02.17"]
[EventType "tourn (corr)"]
[EventRounds "6"]
[EventCountry "GER"]
[SourceTitle "Corr 2024"]
[Source "ChessBase"]
[SourceDate "2023.10.19"]
[SourceVersion "1"]
[SourceVersionDate "2023.10.19"]
[SourceQuality "1"]

1. Nf3 d5 2. g3 Nf6 3. Bg2 c5 4. d4 e6 5. Bg5 Nc6 6. 0-0 h6 7. Be3 b6 8. Nbd2 Bb7 9. c4 Bd6 10. Nb3 dxc4 11. dxc5 Be7 12. Nbd2 b5 13. Nd4 Qd7 14. N2f3 a6 15. b3 Nxd4 16. Bxd4 Rd8 17. e3 Qc8 18. Qc2 Bxc5 19. bxc4 Bxf3 20. Bxc5 Bxg2 21. Kxg2 Qxc5 22. Rfc1 Rc8 23. Rab1 0-0 24. Qe2 bxc4 25. Rc3 Qc6+ 26. Kg1 Ne4 0-1

[Event "LSS No Engine Cup 209 Preliminary 0"]
[Site "LSS email"]
[Date "2020.10.24"]
[Round "?"]
[White "Zens, Rolf"]
[Black "Nowak, Andrzej"]
[Result "0-1"]
[WhiteElo "1666"]
[BlackElo "2045"]
[PlyCount "46"]
[EventDate "2020.10.24"]
[EventType "tourn (corr)"]
[EventRounds "6"]
[EventCountry "GER"]
[SourceTitle "Corr 2022"]
[Source "ChessBase"]
[SourceDate "2021.10.24"]
[SourceVersion "1"]
[SourceVersionDate "2021.10.24"]
[SourceQuality "1"]

1. c4 Nf6 2. g3 e5 3. Bg2 Nc6 4. Nc3 Bb4 5. Nd5 0-0 6. Nf3 e4 7. Nh4 d6 8. 0-0 g5 9. d4 h6 10. Nxb4 Nxb4 11. f3 Re8 12. fxe4 gxh4 13. Qd2 hxg3 14. Qxh6 Ng4 15. Qh5 Qe7 16. Rf4 gxh2+ 17. Kh1 Qf8 18. Bh3 Qg7 19. Bd2 Nf6 20. Qh4 Bxh3 21. Qxh3 Nxe4 22. Kxh2 Ng5 23. Qh5 Qg6 0-1

[Event "LSS No Engine Cup 205 Preliminary 0"]
[Site "LSS email"]
[Date "2020.07.06"]
[Round "?"]
[White "Pehl, Ferenc"]
[Black "Zens, Rolf"]
[Result "0-1"]
[WhiteElo "1143"]
[BlackElo "1695"]
[PlyCount "44"]
[EventDate "2020.07.06"]
[EventType "tourn (corr)"]
[EventRounds "6"]
[EventCountry "GER"]
[SourceTitle "Corr 2022"]
[Source "ChessBase"]
[SourceDate "2021.10.24"]
[SourceVersion "1"]
[SourceVersionDate "2021.10.24"]
[SourceQuality "1"]

1. e4 c5 2. Nf3 d6 3. h3 Nf6 4. d3 Nc6 5. a3 e6 6. Bg5 Be7 7. Be2 Qc7 8. 0-0 d5 9. exd5 Nxd5 10. Bxe7 Ndxe7 11. Nc3 0-0 12. Qd2 b6 13. Nb5 Qd7 14. Rfe1 Bb7 15. c4 Rad8 16. Qc3 a6 17. a4 axb5 18. axb5 Nb4 19. Ne5 Qc7 20. Ng4 Ng6 21. Red1 f5 22. Ne5 Qxe5 0-1

[Event "LSS No Engine Cup 205 Preliminary 0"]
[Site "LSS email"]
[Date "2020.07.06"]
[Round "?"]
[White "Schleef, Harald"]
[Black "Zens, Rolf"]
[Result "1-0"]
[WhiteElo "2063"]
[BlackElo "1695"]
[PlyCount "59"]
[EventDate "2020.07.06"]
[EventType "tourn (corr)"]
[EventRounds "6"]
[EventCountry "GER"]
[SourceTitle "Corr 2022"]
[Source "ChessBase"]
[SourceDate "2021.10.24"]
[SourceVersion "1"]
[SourceVersionDate "2021.10.24"]
[SourceQuality "1"]

1. d4 Nf6 2. c4 e6 3. Nc3 Bb4 4. e3 d5 5. Nf3 0-0 6. Bd3 c5 7. 0-0 dxc4 8. Bxc4 b6 9. a3 cxd4 10. axb4 dxc3 11. Qxd8 Rxd8 12. bxc3 Bb7 13. Be2 a6 14. c4 Nc6 15. Ba3 Ne4 16. Rfc1 f6 17. c5 b5 18. Nd4 Re8 19. Bb2 e5 20. Nxc6 Bxc6 21. Rc2 Ng5 22. Bc3 Ne6 23. Rd2 Red8 24. Bg4 Kf7 25. Rad1 Rxd2 26. Rxd2 Nd8 27. Rd6 Ke7 28. f4 exf4 29. exf4 Ra7 30. Bf5 1-0

[Event "LSS No Engine Cup 200 Preliminary 0"]
[Site "LSS email"]
[Date "2020.02.23"]
[Round "?"]
[White "Zens, Rolf"]
[Black "Grabowski, Benedykt"]
[Result "0-1"]
[WhiteElo "1707"]
[BlackElo "2088"]
[PlyCount "82"]
[EventDate "2020.02.23"]
[EventType "tourn (corr)"]
[EventRounds "6"]
[EventCountry "GER"]
[SourceTitle "Corr 2022"]
[Source "ChessBase"]
[SourceDate "2021.10.24"]
[SourceVersion "1"]
[SourceVersionDate "2021.10.24"]
[SourceQuality "1"]

1. c4 Nf6 2. g3 g6 3. Bg2 Bg7 4. Nc3 0-0 5. e4 d6 6. Nge2 c5 7. 0-0 Nc6 8. d3 Rb8 9. h3 a6 10. a4 Bd7 11. Be3 Ne8 12. Rb1 Nc7 13. d4 cxd4 14. Nxd4 Ne6 15. Nde2 Na5 16. b3 b5 17. cxb5 axb5 18. b4 Nc4 19. a5 Nxe3 20. fxe3 Nc7 21. Nd5 Nxd5 22. exd5 Rc8 23. Qd2 Rc4 24. Nd4 Bxd4 25. exd4 Qc8 26. g4 f5 27. gxf5 Bxf5 28. Rbc1 Qd7 29. Rxc4 bxc4 30. Qc3 Qb5 31. Ra1 Kg7 32. a6 Ra8 33. Ra5 Qb6 34. b5 Bd7 35. Kh1 Bxb5 36. Qb4 Rxa6 37. Rxb5 Qxd4 38. Qb2 c3 39. Qb1 Qd2 40. Rb7 c2 41. Qb2+ Kh6 0-1

[Event "RLP Seniors op 17th"]
[Site "Neustadt an der Weinstrasse"]
[Date "2019.07.27"]
[Round "8"]
[White "Zens, Rolf"]
[Black "Steiner, Peter Markus"]
[Result "1/2-1/2"]
[WhiteElo "1879"]
[BlackElo "1591"]
[PlyCount "38"]
[EventDate "2019.07.20"]
[EventType "swiss"]
[EventRounds "9"]
[EventCountry "GER"]
[SourceTitle "CBM 192 Extra"]
[Source "Chessbase"]
[SourceDate "2019.11.06"]
[SourceVersion "1"]
[SourceVersionDate "2019.11.06"]
[SourceQuality "1"]

1. c4 f5 2. g3 Nf6 3. Bg2 g6 4. Nc3 Bg7 5. e3 d6 6. d4 0-0 7. Nge2 Qe8 8. 0-0 Na6 9. Rb1 c6 10. b4 Nc7 11. d5 Bd7 12. Nd4 e5 13. dxe6 Nxe6 14. Re1 Nc7 15. Bb2 Qf7 16. Rc1 d5 17. cxd5 Ncxd5 18. a3 Rad8 19. Qb3 Nxc3 1/2-1/2

[Event "Mittelrhein Verbandsliga-N 18/19"]
[Site "Nordrheinwestfalen"]
[Date "2019.04.07"]
[Round "9.6"]
[White "Zens, Rolf"]
[Black "Bosbach, Jens"]
[Result "1/2-1/2"]
[WhiteElo "1737"]
[BlackElo "1855"]
[PlyCount "70"]
[EventDate "2018.09.02"]
[EventType "team-tourn"]
[EventRounds "12"]
[EventCountry "GER"]
[SourceTitle "EXT 2022"]
[Source "ChessBase"]
[SourceDate "2021.10.06"]
[SourceVersion "1"]
[SourceVersionDate "2021.10.06"]
[SourceQuality "1"]
[WhiteTeam "Godesberg III"]
[BlackTeam "Baumberg"]
[WhiteTeamCountry "GER"]
[BlackTeamCountry "GER"]

1. c4 c5 2. g3 Nc6 3. Bg2 g6 4. Nf3 Bg7 5. 0-0 Nf6 6. Nc3 0-0 7. a3 d6 8. Rb1 a6 9. d3 Qc7 10. Bd2 e6 11. b4 Ne7 12. bxc5 dxc5 13. Bf4 Qa5 14. Qb3 Nd7 15. Ne4 e5 16. Bd2 Qc7 17. Nc3 Rb8 18. Rfc1 Re8 19. Ne1 Nc6 20. Nd5 Qd8 21. e3 Na5 22. Qa4 Nc6 23. Bc3 Re6 24. Rb2 Ne7 25. Rcb1 b5 26. cxb5 Nxd5 27. Bxd5 Nb6 28. Qa5 Qxd5 29. bxa6 Bxa6 30. Qxa6 Nc8 31. Qa4 Rxb2 32. Rxb2 Rc6 33. Qb3 Qd7 34. Qa4 Qe6 35. Qb3 Qd7 1/2-1/2

[Event "LSS No Engine Cup 123 Preliminary 0"]
[Site "LSS email"]
[Date "2015.01.01"]
[Round "?"]
[White "Garcia, Javier"]
[Black "Zens, Rolf"]
[Result "0-1"]
[WhiteElo "1026"]
[BlackElo "1625"]
[PlyCount "28"]
[EventDate "2015.01.02"]
[EventType "tourn (corr)"]
[EventRounds "6"]
[EventCountry "GER"]
[SourceTitle "Corr 2022"]
[Source "ChessBase"]
[SourceDate "2021.10.24"]
[SourceVersion "1"]
[SourceVersionDate "2021.10.24"]
[SourceQuality "1"]

1. d4 Nf6 2. c4 e6 3. Bg5 Be7 4. Nf3 0-0 5. e3 d5 6. Nc3 b6 7. cxd5 exd5 8. Bd3 Bb7 9. Qc2 Nbd7 10. Ne5 Nxe5 11. dxe5 Ne4 12. Bxe7 Qxe7 13. Nxe4 dxe4 14. Bxe4 Qb4+ 0-1

[Event "LSS No Engine Cup 123 Preliminary 0"]
[Site "LSS email"]
[Date "2015.01.01"]
[Round "?"]
[White "Kolanek, Roman"]
[Black "Zens, Rolf"]
[Result "1-0"]
[WhiteElo "2255"]
[BlackElo "1625"]
[PlyCount "61"]
[EventDate "2015.01.02"]
[EventType "tourn (corr)"]
[EventRounds "6"]
[EventCountry "GER"]
[SourceTitle "Corr 2022"]
[Source "ChessBase"]
[SourceDate "2021.10.24"]
[SourceVersion "1"]
[SourceVersionDate "2021.10.24"]
[SourceQuality "1"]

1. d4 Nf6 2. c4 e6 3. Nc3 Bb4 4. e3 0-0 5. Nf3 d5 6. Bd2 Nbd7 7. Rc1 c6 8. Bd3 Bd6 9. 0-0 dxc4 10. Bxc4 e5 11. Bd3 Re8 12. Qc2 exd4 13. exd4 Nf8 14. h3 h6 15. Rfe1 Rxe1+ 16. Rxe1 Ne6 17. Bc4 Bc7 18. Be3 a6 19. d5 cxd5 20. Nxd5 Nxd5 21. Rd1 Nef4 22. Bxf4 Bxf4 23. Bxd5 Qf6 24. Qc4 Be6 25. Bxe6 fxe6 26. Rd7 b5 27. Qc6 Rf8 28. Qxa6 Qxb2 29. Qxe6+ Kh8 30. g3 Bg5 31. Rf7 1-0

[Event "LSS No Engine Cup 123 Preliminary 0"]
[Site "LSS email"]
[Date "2015.01.01"]
[Round "?"]
[White "Zens, Rolf"]
[Black "Mueller Toepler, Michael"]
[Result "0-1"]
[WhiteElo "1625"]
[BlackElo "1818"]
[PlyCount "106"]
[EventDate "2015.01.02"]
[EventType "tourn (corr)"]
[EventRounds "6"]
[EventCountry "GER"]
[SourceTitle "Corr 2022"]
[Source "ChessBase"]
[SourceDate "2021.10.24"]
[SourceVersion "1"]
[SourceVersionDate "2021.10.24"]
[SourceQuality "1"]

1. c4 c6 2. Nf3 d5 3. e3 Nf6 4. d4 e6 5. Qc2 Nbd7 6. Nbd2 Bd6 7. Be2 0-0 8. 0-0 Re8 9. b3 e5 10. cxd5 cxd5 11. dxe5 Nxe5 12. Bb2 Bg4 13. Rad1 Rc8 14. Qb1 Qa5 15. Rfe1 Nfd7 16. Ng5 g6 17. Bxg4 Nxg4 18. Ngf3 Bb4 19. Re2 Nc5 20. Nf1 Ne4 21. h3 Ngf6 22. Bxf6 Nxf6 23. Ng3 Bd6 24. Qb2 Qc3 25. Qxc3 Rxc3 26. Nf1 Kg7 27. Nd4 Be5 28. Nf3 Bb8 29. N1h2 Rec8 30. Nd4 h6 31. g4 a6 32. Nhf3 h5 33. g5 Ne4 34. h4 Bd6 35. Kg2 R3c7 36. Rf1 Kf8 37. Rb2 Ba3 38. Re2 Kg7 39. Ne5 Bc5 40. Nef3 Bd6 41. Rb2 Ba3 42. Re2 Bb4 43. Ra1 b6 44. a3 Bd6 45. a4 Rc5 46. Rb2 Rc3 47. b4 R8c4 48. b5 a5 49. Nd2 Nxd2 50. Rxd2 Bb4 51. Nc6 Rg4+ 52. Kf3 Rxc6 53. bxc6 Bxd2 0-1